000 00716nam a22002417a 4500
999 _c171359
_d171359
005 20200110142114.0
010 _aENG-127347
020 _a9789353164867
_c925.00
035 _aEN-110879
037 _bDBAD/PUB
082 _a000
100 _aMalhotra,Stalin
245 _aStudy package for NTSE/
_cby Stalin Malhotra...[et.,all]
260 _aChennai
_bMcGraw Hill Education
_c2019
270 _a444/1,Sri Ekambara naicker industrial estate,Alapakkam,Porur
_bChennai
_e600116
300 _avarious pages.
_c24cm(pbk)
700 _aGulati S.L
700 _aDhawan,Prem
700 _aGupta,Rachna
700 _aVinay Kumar
700 _aJune,Sanjeev
942 _2ddc
_cEN
_h000
_mMAL
_e5th